| 000 | 00492nam a2200181 4500 | ||
|---|---|---|---|
| 001 | VA40408 | ||
| 003 | ES-SlBCS | ||
| 005 | 20210601153451.0 | ||
| 008 | 140520s1973 xxu||||| |||| 00| 0 spa d | ||
| 041 | _aspa | ||
| 100 | 1 |
_aBertrán Quera, Miguel _928695 |
|
| 245 | 1 | 0 |
_aRevivir _b:Pensamiento para dar nueva fuerza a tu vida _cMiguel Bertrán Quera |
| 250 | _a3ª ed. | ||
| 260 |
_aMadrid : _bStudium _c, 1973 |
||
| 300 |
_a352 p.; _c13 cm |
||
| 650 |
_aFuerza Vital _9358829 |
||
| 942 | _cBK | ||
| 999 |
_c791626 _d791626 |
||